| 000 | 00397nam a2200157Ia 4500 | ||
|---|---|---|---|
| 008 | 230917s9999||||xx |||||||||||||| ||und|| | ||
| 040 |
_e233314 _aMAIN |
||
| 041 | _aEnglish | ||
| 082 | _a658.3 M489S(3) | ||
| 100 | _aMello, Jeffrey A | ||
| 245 | 0 | _aStrategic management of human resources | |
| 250 | _a3rd ed. | ||
| 260 |
_aAndover _bCengage Learning _c2011 |
||
| 300 | _a688 p. | ||
| 942 | _cBK | ||
| 999 |
_c168334 _d168334 |
||